LEADER 01195nam a2200253 i 4500 001 000000065406 003 CaOOAMICUS 005 20080327000000.0 008 080327s1995 xx u000 u mul u 013 $a36578 040 $aSeMil$bita 100 1 $aKatznelson, Yizhak <1886-1944>.$0(OLS)http://semarc/name/32877 240 10$aDos lid funm oysgeharg'etn yidishn folk.$0(OLS)http://semarc/title/103781 245 13$aIl canto del popolo ebraico massacrato /$cYizhak Katznelson ; introduzione e note di Sigrid Sohn ; versione poetica di Daniel Vogelmann dalla traduzione dallo Uddish di Sigrid Sohn. 260 $a[S.l.] :$bLa Giuntina,$c1995. 300 $a204 p., [1] c. di foto ;$c21 cm. 650 4$aEbrei - Persecuzioni.$0(OLS)http://semarc/subject/4007 700 1 $aVogelmann, Daniel.$0(OLS)http://semarc/name/19287 700 1 $aSohn, Sigrid.$0(OLS)http://semarc/name/32878 850 $aSeMil 852 $aSeMil$W1$xVenegono$y1$m1V I 104$j31559$B31559$CSeMilBibl$Z2$F31562 $81 961 $aOmaggio: Aceti don Guido 996 $6245$aIl canto del popolo ebraico massacrato$9(OLS)http://semarc/title/103780 996 $6260$a[S.l.] :$bLa Giuntina$9(OLS)http://semarc/publisher/42599 LEADER 01322nam a2200277 i 4500 001 000000064112 003 CaOOAMICUS 005 20250516084152.0 008 130311s1998 xx u000 u ger u 013 $a35284 020 $a3-579-01878-7 040 $aSeMil$bita 100 1 $aBonhoeffer, Dietrich,$d<1906-1945>.$0(OLS)http://semarc/name/690 245 10$a8: Widerstand und Ergebung ; Briefe und Aufzeichnungen aus der Haft /$cDietrich Bonhoeffer ; hrsg. von Christian Gremmels, Eberhard Bethge und Renate Bethge in Zusammenarbeit mit Ilse Tödt. 300 $aXII, 796 p. 700 1 $aGremmels, Christian <1941- >.$0(OLS)http://semarc/name/3128 700 1 $aBethge, Eberhard,$d<1909-2000>.$0(OLS)http://semarc/name/691 700 1 $aTödt, Ilse.$0(OLS)http://semarc/name/23965 700 1 $aBethge, Renate.$0(OLS)http://semarc/name/23966 773 0 $aBonhoeffer, Dietrich <1906-1945>$tWerke.$dMünchen : Chr. Kaiser, 1986-2002.$g8$w()1743 850 $aSeMil 852 $aSeMil$W1$xVenegono$y1$m2LL VI 40$j257028$B30265$CSeMilBibl$Z2$F30268 $81 961 $aSottoscrizione: Glossa (Libreria) 996 $6020$a3-579-01878-7$9(OLS)http://semarc/number/40977 996 $6245$a8: Widerstand und Ergebung ; Briefe und Aufzeichnungen aus der Haft$9(OLS)http://semarc/title/101393